书目信息 |
| 题名: |
计算机教学与网络安全管理研究
|
|
| 作者: | 李英 著 | |
| 分册: | ||
| 出版信息: | 北京 北京工业大学出版社 2021.5 |
|
| 页数: | 183页 | |
| 开本: | 26cm | |
| 丛书名: | ||
| 单 册: | ||
| 中图分类: | G434 , TN915.08 | |
| 科图分类: | ||
| 主题词: | 计算机辅助教学--研究 , 网络安全--安全管理--研究 | |
| 电子资源: | ||
| ISBN: | 978-7-5639-6818-3 | |
| 000 | 00908nam0 2200253 45 | |
| 001 | 012001001844 | |
| 005 | 20140912145505.0 | |
| 010 | @a978-7-5639-6818-3@dCNY58.00 | |
| 100 | @a20200919d2019 em y0chiy50 ea | |
| 101 | 0 | @achi |
| 102 | @aCN@b110000 | |
| 105 | @ay z 000yy | |
| 106 | @ar | |
| 200 | 1 | @a计算机教学与网络安全管理研究@Aji suan ji jiao xue yu wang luo an quan guan li yan jiu@f李英著 |
| 210 | @a北京@c北京工业大学出版社@d2021.5 | |
| 215 | @a183页@d26cm | |
| 330 | @a本书内容包括,计算机辅助教学概述、网络安全概述、系统安全、网络安全策略、网络数据安全、网络安全工具的使用、网络安全体系结构、操作系统的安全机制、入侵检测系统、网络管理软件、基于操作系统的管理。 | |
| 606 | 0 | @a计算机辅助教学@x研究 |
| 606 | 0 | @a网络安全@x安全管理@x研究 |
| 690 | @aG434@v5 | |
| 690 | @aTN915.08@v5 | |
| 701 | 0 | @a李英@Ali ying@4著 |
| 801 | 0 | @aCN@bBJSDL@c20211011 |
| 905 | @b1337436-9@dG434@e246@f4 | |
| 计算机教学与网络安全管理研究/李英著.-北京:北京工业大学出版社,2021.5 |
| 183页;26cm |
| ISBN 978-7-5639-6818-3:CNY58.00 |
| 本书内容包括,计算机辅助教学概述、网络安全概述、系统安全、网络安全策略、网络数据安全、网络安全工具的使用、网络安全体系结构、操作系统的安全机制、入侵检测系统、网络管理软件、基于操作系统的管理。 |
| ● |
| 相关链接 |
|
|
|
|
正题名:计算机教学与网络安全管理研究
索取号:G434/246
 
预约/预借
| 序号 | 登录号 | 条形码 | 馆藏地/架位号 | 状态 | 备注 |
| 1 | 1337436 | 213374365 | 第一样本阅览室/ [索取号:G434/246] | 在馆 | |
| 2 | 1337437 | 213374374 | 第四借阅区/ [索取号:G434/246] | 在馆 | |
| 3 | 1337438 | 213374383 | 第四借阅区/ [索取号:G434/246] | 在馆 | |
| 4 | 1337439 | 213374392 | 第四借阅区/ [索取号:G434/246] | 在馆 |